ទិដ្ឋភាពទូទៅនៃអក្សរសាស្រ្តខ្មែរ (Record no. 8438)

000 -LEADER
fixed length control field 00311nam a22001097a 4500
040 ## - CATALOGING SOURCE
Transcribing agency SK
082 ## - DEWEY DECIMAL CLASSIFICATION NUMBER
Classification number 895
100 ## - MAIN ENTRY--AUTHOR NAME
Personal name នុត​ ណារ៉ាង
245 ## - TITLE STATEMENT
Title ទិដ្ឋភាពទូទៅនៃអក្សរសាស្រ្តខ្មែរ
260 ## - PUBLICATION, DISTRIBUTION, ETC. (IMPRINT)
Place of publication CEDORECK
Name of publisher នុត
Year of publication 2003
942 ## - ADDED ENTRY ELEMENTS (KOHA)
Koha item type សៀវភៅភាសាខ្មែរ
952 ## - LOCATION AND ITEM INFORMATION (KOHA)
Withdrawn status [LOCAL, KOHA] 0
952 ## - LOCATION AND ITEM INFORMATION (KOHA)
Withdrawn status [LOCAL, KOHA] 0
952 ## - LOCATION AND ITEM INFORMATION (KOHA)
Withdrawn status [LOCAL, KOHA] 0
952 ## - LOCATION AND ITEM INFORMATION (KOHA)
Withdrawn status [LOCAL, KOHA] 0
952 ## - LOCATION AND ITEM INFORMATION (KOHA)
Withdrawn status [LOCAL, KOHA] 0
952 ## - LOCATION AND ITEM INFORMATION (KOHA)
Withdrawn status [LOCAL, KOHA] 0
952 ## - LOCATION AND ITEM INFORMATION (KOHA)
Withdrawn status [LOCAL, KOHA] 0
952 ## - LOCATION AND ITEM INFORMATION (KOHA)
Withdrawn status [LOCAL, KOHA] 0
Holdings
Permanent Location Date acquired Koha item type Lost status Shelving location Barcode Current Location Full call number
Library Block C2016-08-01សៀវភៅភាសាខ្មែរ C306RUA036170Library Block C895 នុត​ 2003 C306
Library Block C2016-08-01សៀវភៅភាសាខ្មែរ C306RUA034337Library Block C895 នុត​ 2003 C306
Library Block C2016-08-01សៀវភៅភាសាខ្មែរ C306RUA036119Library Block C895 នុត​ 2003 C306
Library Block C2016-08-01សៀវភៅភាសាខ្មែរ C306RUA035789Library Block C895 នុត 2003 C306
Library Block C2016-08-01សៀវភៅភាសាខ្មែរ  RUA036207Library Block C895 នុត​ 2003
Library Block C2016-08-01សៀវភៅភាសាខ្មែរ C306RUA036303Library Block C895 នុត​ 2003 C306
Library Block C2016-08-01សៀវភៅភាសាខ្មែរ C329RUA036059Library Block C895​ នុត​ 2003 C329
Library Block C2016-08-01សៀវភៅភាសាខ្មែរ C329RUA036160Library Block C895 នុត 2003 C329
មជ្ឈមណ្ឌលឯការនៃសាកលវិទ្យាល័យភូមិន្ទកសិកម្មចំការដូង

Powered by Koha